Statistics for Republican U.S. Representatives in Biden-won Districts

Click here to take the quiz!

General Stats

  • This quiz has been taken 10 times
  • The average score is 9 of 18

Answer Stats

2020 MarginAnswer% Correct
D+8.2George Santos
100%
D+7.4Brandon Williams
60%
D+4.6Brian Fitzpatrick
60%
D+13.0David Valadao
60%
D+10.9John Duarte
60%
D+0.1Juan Ciscomani
60%
D+8.8Lori Chavez-DeRemer
60%
D+6.1Michelle Steel
60%
D+0.2Nick LaLota
60%
D+3.8Thomas Kean Jr.
60%
D+1.9Young Kim
60%
D+14.6Anthony D'Esposito
40%
D+1.5David Schweikert
40%
D+6.4Don Bacon
40%
D+4.6Marc Molinaro
40%
D+10.1Mike Lawler
40%
D+1.9Jen Kiggans
20%
D+12.4Mike Garcia
20%

Score Distribution

Percentile by Number Answered

Percent of People with Each Score

Your Score History

You have not taken this quiz